书目信息 |
| 题名: |
领导心理学导论
|
|
| 作者: | 俞文钊 | |
| 分册: | ||
| 出版信息: | 北京 人民教育 1993 |
|
| 页数: | 715页 | |
| 开本: | 20cm | |
| 丛书名: | ||
| 单 册: | ||
| 中图分类: | B849:C933 | |
| 科图分类: | ||
| 主题词: | 应用心理学 | |
| 电子资源: | ||
| ISBN: | 7-107-11031-4 | |
| 000 | 00506nam0 2200181 450 | |
| 001 | 0753865015 | |
| 005 | 20070818145745.01 | |
| 010 | @a7-107-11031-4@d¥11.70 | |
| 100 | @a20070818d km y0chiy0120 ea | |
| 101 | 0 | @achi |
| 200 | 1 | @a领导心理学导论@Aling dao xin li xue dao lun@f俞文钊@Fyu wen zhao |
| 210 | @a北京@c人民教育@d1993 | |
| 215 | @a715页@d20cm | |
| 606 | 0 | @a应用心理学 |
| 690 | @aB849:C933@v3 | |
| 701 | 0 | @a俞文钊@Ayu wen zhao |
| 801 | 0 | @aCN@bPFT@c20070818 |
| 905 | @a213230@dB849:C933@ee721@f1 | |
| 领导心理学导论/俞文钊.-北京:人民教育,1993 |
| 715页;20cm |
| ISBN 7-107-11031-4:¥11.70 |
| ● |
| 相关链接 |
|
|
|
|
正题名:领导心理学导论
索取号:B849:C933/e721
 
预约/预借
| 序号 | 登录号 | 条形码 | 馆藏地/架位号 | 状态 | 备注 |
| 1 | 6301070 | 263010707 | 教育系资料室/ [索取号:B849:C933/e721] | 在馆 | |
| 2 | 6301071 | 263010716 | 教育系资料室/ [索取号:B849:C933/e721] | 在馆 |